000 00482nam a2200169 i 4500
001 74720
003 ES-MaACL
005 20230906172226.0
007 t|
008 040920s1966 sp ||||1| spa d
100 1 _aGordon, Alex.
_959153
245 1 3 _aLa cifra /
_cAlex Gordon ; [traducción Mercedes A. Carrera].
260 _aBarcelona :
_bPlaza y Janés,
_c1966.
300 _a256 p. ;
_c19 cm.
700 1 _aCarrera, Mercedes A.
_935632
852 _aES-MaACL
_jC-32847
_bR.61337
999 _c74720
_d74720